[Event "Graz Casino Open 2014"]
[Site "Graz AUT"]
[Date "2014.02.21"]
[Round "9.23"]
[White "Wallner, Dieter"]
[Black "Deutschmann, Robert Peter"]
[Result "1/2-1/2"]
[WhiteElo "2085"]
[BlackElo "2014"]
[WhiteFideId "1604619"]
[BlackFideId "1609785"]
[EventDate "2014.02.14"]

1. d4 d5 2. Nf3 Nf6 3. c4 c6 4. Nc3 dxc4 5. a4 Bf5 6. e3 e6 7. Bxc4 Bb4 8. O-O
O-O 9. Qe2 Ne4 10. Nxe4 Bxe4 11. Rd1 Nd7 12. Bd2 Qa5 13. Bxb4 Qxb4 14. Ng5 Bd5
15. Bd3 h6 16. Ne4 Bb3 17. Bc2 Bxc2 18. Qxc2 f5 19. Nd2 Kh8 20. Qb3 Qxb3 21.
Nxb3 e5 22. Rac1 Rf7 23. a5 exd4 24. Rxd4 Rc8 25. Kf1 Nf6 26. Nd2 Rd7 27. Rxd7
Nxd7 28. Nc4 Rc7 29. Ke2 g6 30. Rd1 Kg7 31. f3 Nf6 32. Rd6 Kf7 33. Rd2 Nd5 34.
Kf2 Re7 35. e4 fxe4 36. Nd6+ Ke6 37. Nxe4 b6 38. axb6 1/2-1/2

[Event "Graz Casino Open 2014"]
[Site "Graz AUT"]
[Date "2014.02.21"]
[Round "9.25"]
[White "Hapala, Lisa"]
[Black "Pretterhofer, Kiaras"]
[Result "1/2-1/2"]
[WhiteElo "2054"]
[BlackElo "2005"]
[WhiteFideId "1622080"]
[BlackFideId "1618768"]
[EventDate "2014.02.14"]

1. e4 e5 2. Nf3 Nc6 3. Bb5 Nd4 4. Nxd4 exd4 5. O-O c6 6. Bc4 d6 7. d3 Nf6 8. Nd2
Be7 9. f4 O-O 10. Nf3 d5 11. exd5 Nxd5 12. Kh1 Bf6 13. Re1 b5 14. Bxd5 Qxd5 15.
Ne5 Re8 16. Qf3 1/2-1/2

[Event "Graz Casino Open 2014"]
[Site "Graz AUT"]
[Date "2014.02.21"]
[Round "9.26"]
[White "Hocevar, Nikola"]
[Black "Weinberger, Simon"]
[Result "1/2-1/2"]
[WhiteElo "2016"]
[BlackElo "2008"]
[WhiteFideId "14601524"]
[BlackFideId "1618202"]
[EventDate "2014.02.14"]

1. d4 Nf6 2. Nf3 b6 3. g3 Bb7 4. Bg2 e6 5. O-O Be7 6. c4 c5 7. Nc3 d6 8. b3 O-O
9. Bb2 Nbd7 10. d5 e5 11. e4 a6 12. Qc2 Ne8 13. Nd2 Rb8 14. Nd1 b5 15. Ne3 g6
16. Rae1 1/2-1/2

[Event "Graz Casino Open 2014"]
[Site "Graz AUT"]
[Date "2014.02.21"]
[Round "9.27"]
[White "Perdomo Araujo, Angel Eduardo"]
[Black "Kersten, Julian"]
[Result "1-0"]
[WhiteElo "2010"]
[BlackElo "1982"]
[WhiteFideId "3902528"]
[BlackFideId "1628542"]
[EventDate "2014.02.14"]

1. e4 e6 2. d4 d5 3. Nd2 Be7 4. Bd3 c5 5. dxc5 Nf6 6. exd5 Qxd5 7. Ngf3 a5 8.
O-O Na6 9. c6 bxc6 10. Bc4 Qd8 11. Ne5 Qc7 12. Qe2 O-O 13. Ndf3 c5 14. c3 Nb8
15. Rd1 Ba6 16. Bg5 Bxc4 17. Qxc4 h6 18. Bh4 Rd8 19. Rxd8+ Bxd8 20. Rd1 Ra6 21.
Nxf7 Kxf7 22. Bg3 Qb6 23. Bxb8 Be7 24. Bg3 Ra7 25. b3 Nd5 26. Ne5+ Kg8 27. Qd3
Bf6 28. c4 Nb4 29. Qe2 1-0

[Event "Graz Casino Open 2014"]
[Site "Graz AUT"]
[Date "2014.02.21"]
[Round "9.28"]
[White "Kopinits, Anna-Christina"]
[Black "von Lossow, Marcus"]
[Result "1-0"]
[WhiteTitle "WIM"]
[WhiteElo "2260"]
[BlackElo "1803"]
[WhiteFideId "1614142"]
[BlackFideId "12942090"]
[EventDate "2014.02.14"]

1. e4 e5 2. Bc4 Bc5 3. Nc3 Nf6 4. d3 h6 5. Be3 Bxe3 6. fxe3 d6 7. Nf3 Be6 8. Bb3
Bxb3 9. axb3 Nc6 10. O-O O-O 11. Qe1 Ne7 12. Nh4 c6 13. Qg3 Nh7 14. Rf2 Ng5 15.
d4 exd4 16. exd4 d5 17. e5 Qd7 18. Raf1 b5 19. Qe3 a5 20. Ne2 a4 21. Ng3 Qe6 22.
Nhf5 Nxf5 23. Rxf5 f6 24. Qf4 Nh7 25. Qg4 axb3 26. cxb3 Qe7 27. h3 fxe5 28. dxe5
Rxf5 29. Nxf5 Qg5 30. Qxg5 Nxg5 31. Ne7+ Kh7 32. Nxc6 Ra2 33. Nd4 Rxb2 34. e6
Ne4 35. e7 Nd6 36. Nxb5 Ne8 37. Rf8 Rxb3 38. Rxe8 Re3 39. Nd4 Kg6 40. Nc6 Re6
41. Rf8 1-0

[Event "Graz Casino Open 2014"]
[Site "Graz AUT"]
[Date "2014.02.21"]
[Round "9.29"]
[White "Hoebarth, Guenter"]
[Black "Szonyi, Bence"]
[Result "1-0"]
[WhiteElo "1950"]
[BlackElo "1699"]
[WhiteFideId "1610198"]
[BlackFideId "769304"]
[EventDate "2014.02.14"]

1. c3 d5 2. d3 e5 3. Nf3 Nc6 4. g3 Nf6 5. Bg2 Be7 6. O-O O-O 7. Nbd2 Be6 8. c4
d4 9. a3 a5 10. Ng5 Bd7 11. Nde4 Nxe4 12. Nxe4 Qc8 13. f4 Bh3 14. Bxh3 Qxh3 15.
f5 Qh5 16. Rf3 f6 17. Qf1 Qe8 18. Bd2 Kf7 19. Qh3 h6 20. g4 Bd8 21. Nc5 b6 22.
Ne6 Rg8 23. Rg3 Ke7 24. Qg2 Qd7 25. h4 Kf7 26. g5 fxg5 27. hxg5 Bxg5 28. Bxg5
hxg5 29. Rxg5 g6 30. Rxg6 Ne7 31. Rg7+ 1-0

[Event "Graz Casino Open 2014"]
[Site "Graz AUT"]
[Date "2014.02.21"]
[Round "9.32"]
[White "Felgaer, Ruben"]
[Black "Lei, Tingjie"]
[Result "1-0"]
[WhiteTitle "GM"]
[WhiteElo "2569"]
[BlackElo "2346"]
[WhiteFideId "107069"]
[BlackFideId "8605114"]
[EventDate "2014.02.14"]

1. e4 c5 2. Nf3 e6 3. g3 Nc6 4. Bg2 Nf6 5. d3 d6 6. O-O Be7 7. Ng5 O-O 8. f4 Bd7
9. Be3 b5 10. Nd2 Rb8 11. g4 d5 12. e5 Ne8 13. Ndf3 f6 14. exf6 Nxf6 15. Ne5 Qc7
16. Nxd7 Qxd7 17. f5 exf5 18. gxf5 d4 19. Bd2 Ne5 20. Qe1 Bd6 21. h3 Rfe8 22.
Qh4 Nf7 23. Ne6 Nd8 24. Bg5 Nxe6 25. fxe6 Rxe6 26. Bxf6 gxf6 27. Bd5 Bh2+ 28.
Kxh2 Qxd5 29. Qg3+ Kf7 30. Qc7+ Re7 31. Rxf6+ Kxf6 32. Rf1+ Ke6 33. Re1+ Kf5 34.
Qxe7 1-0

[Event "Graz Casino Open 2014"]
[Site "Graz AUT"]
[Date "2014.02.21"]
[Round "9.33"]
[White "Minko, Vladimir"]
[Black "Loebler, Heimo"]
[Result "1-0"]
[WhiteTitle "FM"]
[WhiteElo "2310"]
[BlackElo "2130"]
[WhiteFideId "24146706"]
[BlackFideId "1603035"]
[EventDate "2014.02.14"]

1. d4 Nf6 2. c4 g6 3. Nc3 Bg7 4. Nf3 O-O 5. g3 d6 6. Bg2 Nc6 7. O-O a6 8. b3 Rb8
9. Bb2 b5 10. cxb5 axb5 11. Qc2 b4 12. Nd1 Na7 13. e4 c6 14. Ne3 d5 15. exd5
cxd5 16. Ne5 e6 17. a4 Ba6 18. Rfc1 Rc8 19. Qd2 Qd6 20. Nd3 Bxd3 21. Qxd3 Nd7
22. a5 f5 23. Bf1 f4 24. Ng2 fxg3 25. hxg3 e5 26. Qa6 Nc6 27. Bb5 Ndb8 28. Qb6
exd4 29. a6 Qf6 30. Nf4 g5 31. Nd3 Nd7 32. Qb7 Nde5 33. Bxc6 Nxd3 34. Bxd5+ Kh8
35. Rxc8 Qxf2+ 36. Kh1 Qxb2 37. Rf1 Nf2+ 38. Rxf2 Qxf2 39. Rxf8+ Bxf8 40. a7
Qxg3 41. a8=Q Qh3+ 42. Kg1 Qg3+ 43. Kf1 1-0

[Event "Graz Casino Open 2014"]
[Site "Graz AUT"]
[Date "2014.02.21"]
[Round "9.34"]
[White "Froewis, Georg"]
[Black "Hauge, Lars Oskar"]
[Result "1/2-1/2"]
[WhiteTitle "IM"]
[BlackTitle "FM"]
[WhiteElo "2437"]
[BlackElo "2310"]
[WhiteFideId "1618423"]
[BlackFideId "1509276"]
[EventDate "2014.02.14"]

1. g3 e5 2. Bg2 Nc6 3. d3 d5 4. a3 Be6 5. b4 a5 6. b5 Na7 7. a4 c6 8. Nf3 f6 9.
bxc6 bxc6 10. O-O Bd6 11. Nbd2 Ne7 12. Nb3 c5 13. Nfd2 O-O 14. c4 Nac6 15. cxd5
Nxd5 16. Ba3 Nc3 17. Qe1 Qb6 18. Bb2 Bxb3 19. Bxc3 Be6 20. Rb1 Qc7 21. Nc4 Ra6
22. Na3 Qd7 23. Qd2 Rc8 24. Rfc1 Nd4 25. Nb5 Bf8 26. Rd1 Rb6 27. Qb2 Qf7 28. Rd2
Ra6 29. Rdd1 1/2-1/2

[Event "Graz Casino Open 2014"]
[Site "Graz AUT"]
[Date "2014.02.21"]
[Round "9.37"]
[White "Freitag, Manfred"]
[Black "Nguyen, Thai Dai Van"]
[Result "0-1"]
[WhiteTitle "IM"]
[WhiteElo "2395"]
[BlackElo "2175"]
[WhiteFideId "1602004"]
[BlackFideId "358878"]
[EventDate "2014.02.14"]

1. d4 Nf6 2. c4 g6 3. Nc3 d5 4. cxd5 Nxd5 5. e4 Nxc3 6. bxc3 Bg7 7. Be3 c5 8.
Rc1 O-O 9. Qd2 Nc6 10. d5 Na5 11. Bxc5 Re8 12. Bb5 Bd7 13. Be2 e6 14. Nf3 exd5
15. exd5 Bb5 16. Be3 Nc4 17. Bxc4 Bxc4 18. h4 f5 19. Kd1 f4 20. Bd4 Re2 21. Qxf4
Qd7 22. Rc2 Qa4 23. Ne1 Bd3 24. Qc1 Rxc2 25. Nxc2 Bxd4 26. Kd2 Qxc2+ 27. Qxc2
Bxc2 28. Kxc2 Bxf2 29. h5 Rf8 30. hxg6 hxg6 31. Kd3 Bc5 32. Re1 Kg7 33. a4 Rf4
34. a5 Rg4 35. Re2 Kf7 36. Rb2 b6 37. Ra2 Ke7 38. axb6 Bxb6 39. Rd2 Rg3+ 40. Kc4
Rxc3+ 0-1